[Event "Bayern-chTT (LL Sued)"]
[Site "Bayern 2008/09"]
[Date "2008.12.14"]
[Round "4.8"]
[White "Appel, Ewald"]
[Black "Weichlein, Paul"]
[Result "0-1"]
[WhiteElo "1960"]
[BlackElo "1771"]
[PlyCount "66"]
[EventDate "2009.03.??"]
[EventType "team-tourn"]
[EventRounds "9"]
[WhiteTeam "Ingolstadt 1"]
[BlackTeam "Haunstetten 1"]

1. e4 c5 2. Nf3 Nc6 3. d4 cxd4 4. Nxd4 Nf6 5. Nc3 g6 6. Be3 Bg7 7. Be2 O-O 8.
g4 d5 9. Nxc6 bxc6 10. exd5 cxd5 11. Bd4 e5 12. Bxe5 Re8 13. Qd4 Rxe5 14. Qxe5
Ne4 15. Qf4 Nxc3 16. Bd3 Qe7+ 17. Kf1 Be5 18. Re1 Ne4 19. Qe3 Bb7 20. f3 Qf6
21. Kg2 d4 22. Qe2 Ng5 23. Be4 Ne6 24. Bxb7 Nf4+ 25. Kf1 Nxe2 26. Bxa8 Nf4 27.
h4 d3 28. cxd3 Nxd3 29. Re3 Nxb2 30. h5 Nd1 31. Re1 Qa6+ 32. Kg1 Qb6+ 33. Kf1
Qf2# 0-1

[Event "Bayern-chTT (LL Sued)"]
[Site "Bayern 2008/09"]
[Date "2008.12.14"]
[Round "4.1"]
[White "Unzicker, Ferdinand Dr"]
[Black "Pezerovic, Edin"]
[Result "1/2-1/2"]
[WhiteElo "2242"]
[BlackElo "2432"]
[PlyCount "27"]
[EventDate "2009.03.??"]
[EventType "team-tourn"]
[EventRounds "9"]
[WhiteTeam "München-Bayern 3"]
[BlackTeam "Tegernsee 2"]

1. d4 Nf6 2. c4 e6 3. Nc3 Bb4 4. e3 O-O 5. Bd3 c5 6. Nf3 Nc6 7. O-O d6 8. Bd2
e5 9. dxe5 dxe5 10. Qc2 Bxc3 11. Bxc3 Qe7 12. Bf5 Re8 13. Bxc8 Raxc8 14. Qf5
1/2-1/2

[Event "Bayern-chTT (LL Sued)"]
[Site "Bayern 2008/09"]
[Date "2008.12.14"]
[Round "4.2"]
[White "Taeger, Winfried"]
[Black "Lickleder, Andreas"]
[Result "1-0"]
[WhiteElo "2232"]
[BlackElo "2199"]
[PlyCount "75"]
[EventDate "2009.03.??"]
[EventType "team-tourn"]
[EventRounds "9"]
[WhiteTeam "Tegernsee 2"]
[BlackTeam "München-Bayern 3"]

1. e4 c5 2. Nf3 d6 3. d4 cxd4 4. Nxd4 Nf6 5. Nc3 a6 6. Be2 e5 7. Nb3 Be7 8. O-O
Be6 9. f4 Qc7 10. a4 Nbd7 11. a5 O-O 12. Kh1 Rac8 13. Be3 exf4 14. Bxf4 Ne5 15.
Nd4 Rfd8 16. Qd2 Nfd7 17. Nf5 Bf8 18. Be3 g6 19. Bh6 f6 20. Bxf8 Nxf8 21. Nd4
Qe7 22. Nxe6 Qxe6 23. Nd5 Nfd7 24. Ra3 Rf8 25. Rh3 Rf7 26. b3 Rcf8 27. Qh6 Rg7
28. Qh4 Rgf7 29. Nf4 Qe7 30. Bc4 Nxc4 31. Nxg6 Qe6 32. Nxf8 Kxf8 33. bxc4 Qxc4
34. Rhf3 Qxc2 35. Qh6+ Ke7 36. Rc1 Qa4 37. Qd2 Nc5 38. e5 1-0

[Event "Bayern-chTT (LL Sued)"]
[Site "Bayern 2008/09"]
[Date "2008.12.14"]
[Round "4.3"]
[White "Niebergall, Gerhard"]
[Black "Gnegel, Boris-Igor"]
[Result "0-1"]
[WhiteElo "2049"]
[BlackElo "2043"]
[PlyCount "112"]
[EventDate "2009.03.??"]
[EventType "team-tourn"]
[EventRounds "9"]
[WhiteTeam "München-Bayern 3"]
[BlackTeam "Tegernsee 2"]

1. e4 c5 2. Nc3 Nc6 3. f4 d6 4. Bb5 Bd7 5. Nf3 Nd4 6. Bxd7+ Qxd7 7. O-O e6 8.
Nxd4 cxd4 9. Ne2 d5 10. exd5 Qxd5 11. f5 e5 12. c4 Qc6 13. d3 Bc5 14. Qe1 Ne7
15. b4 Bb6 16. b5 Qd6 17. Ng3 f6 18. Ne4 Qd7 19. Bh6 O-O 20. Qg3 Nc8 21. c5 Bd8
22. c6 bxc6 23. Nc5 Qe7 24. Ne6 Rf7 25. bxc6 Nd6 26. Nxd8 Qxd8 27. Bd2 Qc8 28.
Qf3 e4 29. dxe4 Qxc6 30. Rfe1 Nc4 31. Bf4 Ne5 32. Bxe5 fxe5 33. Rec1 Qd6 34.
Qd3 Rb8 35. Rab1 Rb4 36. Rxb4 Qxb4 37. a3 Qb7 38. Rb1 Qc7 39. h3 h6 40. Rb4
Qc1+ 41. Kh2 Qf4+ 42. Kg1 Rc7 43. Rc4 Rxc4 44. Qxc4+ Kh7 45. Qf7 Qc1+ 46. Kh2
Qc6 47. Kg3 d3 48. f6 Qxf6 49. Qxf6 gxf6 50. Kf3 Kg6 51. Ke3 Kg5 52. g3 h5 53.
Kxd3 h4 54. Ke3 hxg3 55. Kf3 g2 56. Kxg2 Kf4 0-1

[Event "Bayern-chTT (LL Sued)"]
[Site "Bayern 2008/09"]
[Date "2008.12.14"]
[Round "4.4"]
[White "Lettl, Gerhard"]
[Black "Rajic, Ivica"]
[Result "1/2-1/2"]
[WhiteElo "2020"]
[BlackElo "2090"]
[PlyCount "97"]
[EventDate "2009.03.??"]
[EventType "team-tourn"]
[EventRounds "9"]
[WhiteTeam "Tegernsee 2"]
[BlackTeam "München-Bayern 3"]

1. e4 c5 2. c3 d5 3. exd5 Qxd5 4. d4 Nc6 5. Nf3 cxd4 6. cxd4 e5 7. Nc3 Bb4 8.
Bd2 Bxc3 9. Bxc3 e4 10. Ne5 Nxe5 11. dxe5 Ne7 12. Be2 O-O 13. O-O a5 14. Qc1 b5
15. Rd1 Qb7 16. a3 Be6 17. b4 Rfc8 18. Qd2 Nd5 19. Bd4 a4 20. Rac1 Rxc1 21.
Rxc1 Rc8 22. Rc5 Rxc5 23. Bxc5 h6 24. h3 Bd7 25. f4 exf3 26. Bxf3 Bc6 27. Qd4
Qd7 28. Bg4 Qe8 29. Bd6 g6 30. h4 h5 31. Bh3 Qd8 32. g3 Qb6 33. Bc5 Qc7 34. Kh2
Kh7 35. g4 hxg4 36. Bxg4 Nf6 37. Bh3 Nh5 38. Bd6 Qd8 39. Qf2 Bd5 40. Qd4 Bc4
41. Qf2 Qe8 42. Bg4 Ng7 43. Qf3 Qd8 44. Qf2 f5 45. Bf3 Ne6 46. Bg2 Ng7 47. Qg3
Nh5 48. Qf2 Ng7 49. Qg3 1/2-1/2

[Event "Bayern-chTT (LL Sued)"]
[Site "Bayern 2008/09"]
[Date "2008.12.14"]
[Round "4.5"]
[White "Enigl, Karl"]
[Black "Steiner, Marcus(69)"]
[Result "1/2-1/2"]
[WhiteElo "2089"]
[BlackElo "1990"]
[PlyCount "102"]
[EventDate "2009.03.??"]
[EventType "team-tourn"]
[EventRounds "9"]
[WhiteTeam "München-Bayern 3"]
[BlackTeam "Tegernsee 2"]

1. d4 d5 2. Bf4 Nf6 3. e3 c6 4. Bd3 g6 5. Nf3 Bg7 6. O-O Nh5 7. Bg5 O-O 8. Nbd2
c5 9. c3 Qc7 10. Bh4 Nc6 11. Be2 b6 12. Ne1 Nf6 13. Bg3 Qd7 14. Nd3 Ne4 15. Re1
Nxg3 16. hxg3 c4 17. Nf4 Na5 18. Bf3 Bb7 19. e4 dxe4 20. Bxe4 e6 21. Bxb7 Qxb7
22. Qe2 Rac8 23. Nf3 Nc6 24. Qe4 Na5 25. Qe3 Rfe8 26. Rad1 Red8 27. g4 b5 28.
g5 Qb6 29. Ne5 Rd6 30. Ng4 Qd8 31. Nh3 Nc6 32. f4 Ne7 33. Nhf2 Nd5 34. Qg3 b4
35. Ne4 Rb6 36. Qh4 h5 37. Ngf6+ Bxf6 38. Nxf6+ Kg7 39. Nxd5 Qxd5 40. Re5 Qd7
41. Rde1 bxc3 42. bxc3 Rb2 43. d5 Qb7 44. Qh3 exd5 45. f5 gxf5 46. Rxf5 Qb6+
47. Kh1 Rf2 48. Rxf7+ Rxf7 49. Qxc8 Qf2 50. Re8 Qh4+ 51. Kg1 Qf2+ 1/2-1/2

[Event "Bayern-chTT (LL Sued)"]
[Site "Bayern 2008/09"]
[Date "2008.12.14"]
[Round "4.6"]
[White "Billenkamp, Thomas"]
[Black "Ankerst, Milka"]
[Result "0-1"]
[WhiteElo "1971"]
[BlackElo "2066"]
[PlyCount "131"]
[EventDate "2009.03.??"]
[EventType "team-tourn"]
[EventRounds "9"]
[WhiteTeam "Tegernsee 2"]
[BlackTeam "München-Bayern 3"]

1. Nf3 Nf6 2. c4 e6 3. g3 b6 4. Bg2 Bb7 5. O-O Be7 6. d4 O-O 7. Nc3 d5 8. Ne5
Nbd7 9. Qa4 Nxe5 10. dxe5 Nd7 11. cxd5 Nc5 12. Qc4 exd5 13. Nxd5 c6 14. Nxe7+
Qxe7 15. b4 Qxe5 16. Bf4 Qe6 17. Rac1 Qxc4 18. Rxc4 Ba6 19. Rcc1 Ne6 20. Be3
Bxe2 21. Bxc6 Bxf1 22. Bxa8 Rxa8 23. Kxf1 Kf8 24. a3 Ke7 25. Ke2 Rd8 26. h4 h5
27. Rc3 Rd5 28. Rd3 Kd6 29. Rc3 Kd7 30. Rd3 Kc6 31. a4 Rxd3 32. Kxd3 a6 33. Ke4
b5 34. a5 Kd6 35. f3 g6 36. g4 Ng7 37. Bf4+ Ke7 38. Kd5 Ne6 39. Be3 Kd7 40.
gxh5 gxh5 41. Ke5 Nf8 42. Kf6 Ng6 43. Kg5 Ne5 44. f4 Nd3 45. Bd2 Ke6 46. Kxh5
Kf5 47. Kh6 Kg4 48. h5 Nf2 49. Kg7 Kxh5 50. Kxf7 Kg4 51. Ke6 Ne4 52. Bc1 Ng3
53. Kd5 Kf5 54. Kc6 Ke6 55. Kb6 Kd6 56. Kxa6 Kc6 57. Ka7 Kc7 58. Bb2 Nf5 59.
Be5+ Kc6 60. a6 Ne7 61. Kb8 Kb6 62. f5 Nc6+ 63. Kc8 Nxe5 64. Kd8 Kxa6 65. Ke7
Kb6 66. Ke6 0-1

[Event "Bayern-chTT (LL Sued)"]
[Site "Bayern 2008/09"]
[Date "2008.12.14"]
[Round "4.7"]
[White "Loos, Stephan(66)"]
[Black "Leckner, Thomas Dr"]
[Result "1-0"]
[WhiteElo "2005"]
[BlackElo "1759"]
[PlyCount "61"]
[EventDate "2009.03.??"]
[EventType "team-tourn"]
[EventRounds "9"]
[WhiteTeam "München-Bayern 3"]
[BlackTeam "Tegernsee 2"]

1. d4 d5 2. c4 c6 3. Nc3 Nf6 4. e3 e6 5. Nf3 Nbd7 6. Qc2 Bd6 7. b3 O-O 8. Bb2
a6 9. Be2 b6 10. O-O Bb7 11. e4 dxe4 12. Nxe4 Nxe4 13. Qxe4 Nf6 14. Qh4 Be7 15.
Rad1 Qc7 16. Bd3 h6 17. Ne5 Rad8 18. Bc2 c5 19. dxc5 Bxc5 20. Ng4 Nxg4 21. Qxg4
f5 22. Qg6 Qf7 23. Qxf7+ Kxf7 24. Be5 Ke7 25. Rfe1 Rxd1 26. Rxd1 h5 27. h4 g6
28. Kf1 Rc8 29. Bf4 Rc6 30. Bg5+ Ke8 31. Rd8+ 1-0

[Event "Bayern-chTT (LL Sued)"]
[Site "Bayern 2008/09"]
[Date "2008.12.14"]
[Round "4.8"]
[White "Pezerovic, Asim"]
[Black "Riewe, Gerhard"]
[Result "1/2-1/2"]
[WhiteElo "1726"]
[BlackElo "2019"]
[PlyCount "154"]
[EventDate "2009.03.??"]
[EventType "team-tourn"]
[EventRounds "9"]
[WhiteTeam "Tegernsee 2"]
[BlackTeam "München-Bayern 3"]

1. Nf3 Nf6 2. d4 d5 3. Bf4 e6 4. e3 c5 5. Bb5+ Nc6 6. c3 Bd7 7. Nbd2 a6 8. Bd3
Be7 9. O-O O-O 10. h3 g6 11. Re1 Nh5 12. Bh2 f5 13. Ne5 Nxe5 14. Bxe5 Nf6 15.
f4 Qb6 16. Rb1 Ne4 17. Nf3 Rac8 18. dxc5 Qxc5 19. Bd4 Qc7 20. a3 Nd6 21. Qe2
Bb5 22. Be5 Bxd3 23. Qxd3 Qc4 24. Qd4 Nf7 25. Qxc4 Rxc4 26. Nd4 Nd8 27. Re2 Kf7
28. g4 Rg8 29. g5 Nc6 30. Nf3 Nd8 31. h4 Rc8 32. Rh2 Nc6 33. h5 Bf8 34. Kf2 Bg7
35. hxg6+ hxg6 36. Rh7 Kf8 37. Bxg7+ Rxg7 38. Rbh1 Rcc7 39. Rh8+ Rg8 40. Nd4
Nd8 41. Ke2 Re7 42. R1h7 Nf7 43. Rxg8+ Kxg8 44. Rh4 Kg7 45. Nf3 Nd6 46. Ne5 Nc4
47. Rh6 Nxe5 48. fxe5 Rc7 49. Rh4 Rc4 50. Rf4 Re4 51. Rxe4 dxe4 52. c4 Kf7 53.
b4 Ke7 54. Kd2 b5 55. c5 Kd7 56. Ke2 Kc6 57. Kf2 Kd5 58. Kg2 Kxe5 59. Kg3 Kd5
60. Kf4 Kc6 61. Ke5 Kd7 62. Kd4 Kc7 63. Ke5 Kc6 64. Kf4 Kd5 65. Kg3 Ke5 66. Kf2
Kd5 67. Kg3 e5 68. Kf2 f4 69. Ke2 Ke6 70. Kf2 Kf5 71. Ke2 Ke6 72. Kf2 Kd5 73.
Ke2 a5 74. Kf2 Kc6 75. Ke2 Kb7 76. Kf2 Kc6 77. Ke2 Kd5 1/2-1/2

[Event "Bayern-chTT (LL Sued)"]
[Site "Bayern 2008/09"]
[Date "2008.12.14"]
[Round "4.1"]
[White "Bredl, Harald"]
[Black "Unger, Michael(60)"]
[Result "1-0"]
[WhiteElo "2310"]
[BlackElo "2110"]
[PlyCount "145"]
[EventDate "2009.03.??"]
[EventType "team-tourn"]
[EventRounds "9"]
[WhiteTeam "Garching 1"]
[BlackTeam "Sendling 1"]

1. d4 d5 2. c4 e6 3. e3 Nf6 4. Nf3 c6 5. Nbd2 Bd6 6. b3 Nbd7 7. Bb2 Qe7 8. Bd3
e5 9. dxe5 Nxe5 10. Nxe5 Bxe5 11. Bxe5 Qxe5 12. O-O Be6 13. Nf3 Qd6 14. cxd5
Nxd5 15. Ng5 Rd8 16. Bc4 Nc7 17. Nxe6 Nxe6 18. Qg4 O-O 19. h3 Nc5 20. Rad1 Qe7
21. Rxd8 Rxd8 22. Rd1 Rxd1+ 23. Qxd1 Nd7 24. Qd4 Nb6 25. Be2 g6 26. Bf3 Nc8 27.
Bg4 Nb6 28. Bf3 Nc8 29. g3 Qd6 30. Qa4 Qc5 31. Kg2 Kg7 32. Qg4 Nb6 33. Qf4 Nd5
34. Qe5+ f6 35. Qe6 Nb6 36. h4 Qe5 37. Qg4 h5 38. Qb4 Kf7 39. a4 Qe7 40. Qf4
Kg7 41. Qd4 Nc8 42. g4 hxg4 43. Qxg4 Nd6 44. h5 g5 45. Kf1 Kh6 46. Qd4 Qe6 47.
Bg4 Qe5 48. Qxe5 fxe5 49. b4 Nc4 50. Ke2 Nb6 51. Kd3 Nxa4 52. Ke4 Nb2 53. Be2
b6 54. Kxe5 a5 55. bxa5 bxa5 56. Kd4 Na4 57. Bd1 Nb6 58. e4 a4 59. Kc5 a3 60.
Bb3 Nd7+ 61. Kd6 Nf8 62. Bf7 g4 63. e5 Nh7 64. Kxc6 Ng5 65. Ba2 Ne4 66. e6 Kg7
67. e7 Nf6 68. Kd6 Kh6 69. Ke5 Ne8 70. Bf7 Ng7 71. Ke4 Kg5 72. h6 Kxh6 73. Kf4
1-0

[Event "Bayern-chTT (LL Sued)"]
[Site "Bayern 2008/09"]
[Date "2008.12.14"]
[Round "4.2"]
[White "Kuenzner, Franz"]
[Black "Schmitz, Thorsten(74)"]
[Result "0-1"]
[WhiteElo "2278"]
[BlackElo "2243"]
[PlyCount "88"]
[EventDate "2009.03.??"]
[EventType "team-tourn"]
[EventRounds "9"]
[WhiteTeam "Sendling 1"]
[BlackTeam "Garching 1"]

1. d4 d5 2. e3 Nf6 3. Be2 Bf5 4. c4 e6 5. Qb3 Nc6 6. Nf3 Nb4 7. Na3 c6 8. O-O
a5 9. Bd2 Be7 10. Bxb4 axb4 11. Nc2 Qa5 12. c5 Bxc2 13. Qxc2 Nd7 14. a3 O-O 15.
Qb3 b6 16. Qxb4 bxc5 17. Qxa5 Rxa5 18. dxc5 Rxc5 19. b4 Rc3 20. Rfc1 Rxc1+ 21.
Rxc1 c5 22. b5 Ra8 23. Ra1 Nb6 24. Bd1 Bf6 25. Ra2 Na4 26. Bxa4 Rxa4 27. Kf1
Kf8 28. e4 Bc3 29. exd5 exd5 30. Rc2 Rxa3 31. b6 d4 32. Rc1 Rb3 33. Ne5 Ke7 34.
Ke2 Ke6 35. f4 f6 36. Nd3 Kd5 37. f5 Rxb6 38. Kf3 c4 39. Nf4+ Ke5 40. Kg4 Rb2
41. g3 Rxh2 42. Rb1 Bd2 43. Ne6 Ke4 44. Nxg7 c3 0-1

[Event "Bayern-chTT (LL Sued)"]
[Site "Bayern 2008/09"]
[Date "2008.12.14"]
[Round "4.3"]
[White "Pitschka, Claus"]
[Black "Schamberger, Alfons"]
[Result "1/2-1/2"]
[WhiteElo "2248"]
[BlackElo "2162"]
[PlyCount "58"]
[EventDate "2009.03.??"]
[EventType "team-tourn"]
[EventRounds "9"]
[WhiteTeam "Garching 1"]
[BlackTeam "Sendling 1"]

1. e4 c5 2. Nf3 Nc6 3. c3 e6 4. d4 cxd4 5. cxd4 d5 6. e5 Qb6 7. Nc3 Bd7 8. a3
Nh6 9. Be2 Nf5 10. Na4 Qd8 11. g4 Nh4 12. Nxh4 Qxh4 13. Be3 h5 14. gxh5 Nxe5
15. Nc5 Bxc5 16. dxc5 O-O-O 17. Qd4 Qe4 18. O-O-O Ba4 19. Qxe4 dxe4 20. Rxd8+
Kxd8 21. Rg1 Rh7 22. Bd4 Nd3+ 23. Kd2 e5 24. Bxd3 exd3 25. Bxe5 Rxh5 26. Bd6 g6
27. Kxd3 Bc6 28. Re1 Bd5 29. Re7 Rxh2 1/2-1/2

[Event "Bayern-chTT (LL Sued)"]
[Site "Bayern 2008/09"]
[Date "2008.12.14"]
[Round "4.4"]
[White "Nissen, Jens"]
[Black "Schleich, Markus"]
[Result "1/2-1/2"]
[WhiteElo "2106"]
[BlackElo "2203"]
[PlyCount "72"]
[EventDate "2009.03.??"]
[EventType "team-tourn"]
[EventRounds "9"]
[WhiteTeam "Sendling 1"]
[BlackTeam "Garching 1"]

1. e4 c5 2. Nf3 Nc6 3. Bb5 e6 4. Bxc6 bxc6 5. d3 d6 6. e5 f6 7. exd6 Bxd6 8.
Nbd2 Ne7 9. Nc4 O-O 10. Be3 Nd5 11. Nxd6 Qxd6 12. Nd2 Nxe3 13. fxe3 Ba6 14. b3
Qe5 15. Kf2 Rad8 16. Nf3 Qh5 17. Qe1 e5 18. Qa5 e4 19. Qxa6 exf3 20. Qc4+ Kh8
21. gxf3 Rfe8 22. Qf4 Rd5 23. Rhg1 Rde5 24. e4 Qf7 25. Rg2 Qd7 26. Rag1 R5e7
27. Qe3 Qd6 28. h4 f5 29. Ke2 Qe5 30. Rg5 Rf7 31. Kd2 c4 32. bxc4 Qa5+ 33. Kd1
Qc3 34. Qd2 Qa1+ 35. Ke2 Qd4 36. c3 Qf6 1/2-1/2

[Event "Bayern-chTT (LL Sued)"]
[Site "Bayern 2008/09"]
[Date "2008.12.14"]
[Round "4.6"]
[White "Haas, Peter(68)"]
[Black "Wiegner, Denis"]
[Result "1/2-1/2"]
[WhiteElo "2039"]
[BlackElo "2188"]
[PlyCount "61"]
[EventDate "2009.03.??"]
[EventType "team-tourn"]
[EventRounds "9"]
[WhiteTeam "Sendling 1"]
[BlackTeam "Garching 1"]

1. d4 d5 2. c4 Nc6 3. Nf3 Bg4 4. cxd5 Bxf3 5. gxf3 Qxd5 6. e3 e5 7. Nc3 Bb4 8.
Bd2 Bxc3 9. bxc3 Qd6 10. Rb1 Rb8 11. Bg2 Nge7 12. f4 exd4 13. cxd4 O-O 14. Rb5
a6 15. Rg5 h6 16. Rc5 Rbe8 17. O-O Ng6 18. Qg4 Nge7 19. Rfc1 f5 20. Qh5 Rc8 21.
a3 a5 22. Bxa5 Nxa5 23. Rxa5 b6 24. Ra7 Kh7 25. Qd1 b5 26. Qc2 Ng6 27. Qc5 Nh4
28. Qc6 Qe7 29. Qc5 Qd6 30. Qc6 Qe7 31. Qc5 1/2-1/2

[Event "Bayern-chTT (LL Sued)"]
[Site "Bayern 2008/09"]
[Date "2008.12.14"]
[Round "4.7"]
[White "Nuessel, Georg"]
[Black "Stielfried, Martin"]
[Result "0-1"]
[WhiteElo "2136"]
[BlackElo "2145"]
[PlyCount "63"]
[EventDate "2009.03.??"]
[EventType "team-tourn"]
[EventRounds "9"]
[WhiteTeam "Garching 1"]
[BlackTeam "Sendling 1"]

1. b4 e5 2. Bb2 f6 3. e4 Bxb4 4. Bc4 Ne7 5. Qh5+ Ng6 6. Nf3 Kf8 7. O-O Qe8 8.
a3 Be7 9. g3 d6 10. Nc3 Bd7 11. Bb3 Qc8 12. Nh4 Be8 13. Nf5 Bd8 14. Qe2 Ne7 15.
Nxe7 Bxe7 16. f4 c6 17. Qf2 Nd7 18. Ne2 Qc7 19. d4 Bf7 20. fxe5 dxe5 21. g4 h6
22. Qf5 Bd6 23. Rad1 Re8 24. Bxf7 Kxf7 25. Qh5+ Kf8 26. g5 exd4 27. gxf6 Nxf6
28. Bxd4 Be5 29. Bc5+ Re7 30. Rf5 Kg8 31. Bxe7 Nxh5 32. Rf8+ 0-1

[Event "Bayern-chTT (LL Sued)"]
[Site "Bayern 2008/09"]
[Date "2008.12.14"]
[Round "4.8"]
[White "Katzer, Joachim"]
[Black "Schlinkmeier, Karsten"]
[Result "1/2-1/2"]
[WhiteElo "1961"]
[BlackElo "2115"]
[PlyCount "105"]
[EventDate "2009.03.??"]
[EventType "team-tourn"]
[EventRounds "9"]
[WhiteTeam "Sendling 1"]
[BlackTeam "Garching 1"]

1. d4 Nf6 2. c4 e6 3. Nc3 Bb4 4. e3 c5 5. a3 Bxc3+ 6. bxc3 Nc6 7. Bd3 d6 8. Ne2
e5 9. O-O O-O 10. e4 Qe8 11. d5 Ne7 12. f4 Bg4 13. fxe5 dxe5 14. Rxf6 gxf6 15.
Bh6 Qc8 16. Qf1 f5 17. exf5 Bxf5 18. Bxf8 Kxf8 19. Ng3 Bg6 20. Re1 Qc7 21. Ne4
Ng8 22. Re3 Kg7 23. Ng3 Rd8 24. Nf5+ Kf8 25. Qe1 f6 26. Qh4 Qa5 27. Nh6 Kg7 28.
Nxg8 Rxg8 29. Bxg6 hxg6 30. Qg4 Rf8 31. Rh3 Qxa3 32. Qd7+ Rf7 33. Rh7+ Kxh7 34.
Qxf7+ Kh6 35. Qf8+ Kg5 36. h4+ Kf5 37. Qc8+ Kf4 38. Qh3 Qc1+ 39. Kh2 Qd1 40.
Qg3+ Kf5 41. Qh3+ Kf4 42. d6 e4 43. Qg3+ Kf5 44. d7 Ke6 45. Qxg6 Kxd7 46. Qxe4
Qd6+ 47. g3 Qd2+ 48. Kh3 a5 49. Qxb7+ Ke8 50. Qa8+ Qd8 51. Qe4+ Qe7 52. Qa8+
Qd8 53. Qe4+ 1/2-1/2

[Event "Bayern-chTT (LL Sued)"]
[Site "Bayern 2008/09"]
[Date "2008.12.14"]
[Round "4.1"]
[White "Safyanowsky, Mark"]
[Black "Hausner, Ivan"]
[Result "0-1"]
[WhiteElo "2231"]
[BlackElo "2355"]
[PlyCount "104"]
[EventDate "2009.03.??"]
[EventType "team-tourn"]
[EventRounds "9"]
[WhiteTeam "Dillingen 1"]
[BlackTeam "Weilheim 1"]

1. d4 e6 2. Nf3 f5 3. g3 Nf6 4. Bg2 Be7 5. O-O O-O 6. c4 d6 7. Nc3 a5 8. b3 Na6
9. Re1 Ne4 10. Bb2 Bf6 11. e3 c6 12. Nd2 Nxc3 13. Bxc3 e5 14. a3 e4 15. Qc2 Nc7
16. Bb2 Bd7 17. Rac1 Ne6 18. f3 d5 19. a4 Be7 20. Ra1 Bb4 21. Ba3 Bxa3 22. Rxa3
h5 23. f4 g5 24. Nf1 Qf6 25. Qf2 Rf7 26. Raa1 Raf8 27. Kh1 Rh7 28. h4 gxh4 29.
gxh4 Rff7 30. Bh3 Rfg7 31. Nh2 Nf8 32. Rg1 Rg4 33. Bxg4 hxg4 34. Kg2 Ng6 35.
Kf1 Rxh4 36. Ke1 dxc4 37. bxc4 c5 38. Rd1 Bxa4 39. Rd2 Rh3 40. Rg3 Rh7 41. Qg1
Kf8 42. dxc5 Qc3 43. Nxg4 fxg4 44. Rxg4 Bb3 45. Rxg6 Qc1+ 46. Kf2 Qxd2+ 47. Kg3
Bxc4 48. f5 Bf7 49. Rg5 Qc3 50. Kg4 Rg7 51. Kf4 Qf6 52. Rxg7 Qxg7 0-1

[Event "Bayern-chTT (LL Sued)"]
[Site "Bayern 2008/09"]
[Date "2008.12.14"]
[Round "4.2"]
[White "Bayer, Bernhard"]
[Black "Nuber, Korbinian"]
[Result "1-0"]
[WhiteElo "2326"]
[BlackElo "2106"]
[PlyCount "81"]
[EventDate "2009.03.??"]
[EventType "team-tourn"]
[EventRounds "9"]
[WhiteTeam "Weilheim 1"]
[BlackTeam "Dillingen 1"]

1. e4 Nf6 2. e5 Nd5 3. d4 d6 4. Nf3 Bg4 5. Be2 e6 6. O-O Be7 7. c4 Nb6 8. exd6
cxd6 9. Nc3 O-O 10. b3 d5 11. c5 N6d7 12. b4 b6 13. Be3 Bxf3 14. Bxf3 bxc5 15.
bxc5 Nc6 16. Qa4 Rc8 17. Be2 Qa5 18. Qxa5 Nxa5 19. Rab1 Bf6 20. Ba6 Rb8 21. Ne2
Rxb1 22. Rxb1 Rb8 23. Rb5 Rxb5 24. Bxb5 Nb8 25. Kf1 Nbc6 26. Ke1 Bd8 27. Kd2 f6
28. Kc3 Bc7 29. f4 Kf7 30. g3 Ke7 31. Nc1 h6 32. Nd3 Kd8 33. a3 Ke7 34. Nb4 Nb8
35. f5 Nb7 36. fxe6 Kxe6 37. Bf1 a5 38. Nxd5 Bd8 39. Nf4+ Kd7 40. Bh3+ Kc7 41.
Ne6+ 1-0

[Event "Bayern-chTT (LL Sued)"]
[Site "Bayern 2008/09"]
[Date "2008.12.14"]
[Round "4.3"]
[White "Billing, Christian"]
[Black "De Francesco, Klaus"]
[Result "1-0"]
[WhiteElo "2214"]
[BlackElo "2242"]
[PlyCount "80"]
[EventDate "2009.03.??"]
[EventType "team-tourn"]
[EventRounds "9"]
[WhiteTeam "Dillingen 1"]
[BlackTeam "Weilheim 1"]

1. e4 e6 2. d3 c5 3. Nf3 d5 4. Nbd2 Nc6 5. g3 Bd6 6. Bg2 Nge7 7. O-O O-O 8. Re1
Qc7 9. c3 Bd7 10. Ng5 h6 11. Nh3 b5 12. Qh5 Be8 13. Qe2 Rd8 14. f4 Qb6 15. Kh1
b4 16. g4 bxc3 17. bxc3 Qa5 18. Bb2 Rb8 19. Nb3 Qb5 20. c4 dxc4 21. dxc4 Qb6
22. Rad1 Nd4 23. Bxd4 cxd4 24. Nxd4 Bb4 25. Rf1 Ba4 26. Nb3 Rfd8 27. g5 Rxd1
28. Rxd1 hxg5 29. Nxg5 f6 30. Nh3 Rd8 31. e5 Rxd1+ 32. Qxd1 fxe5 33. Ng5 Be8
34. fxe5 Qe3 35. Nxe6 Qxe5 36. Ned4 Bh5 37. Nf3 Qf4 38. Qd4 Qf5 39. Qd1 Bd6 40.
Qxd6 Qb1+ 1-0

[Event "Bayern-chTT (LL Sued)"]
[Site "Bayern 2008/09"]
[Date "2008.12.14"]
[Round "4.4"]
[White "Lochte, Thomas"]
[Black "Baeuml, Ulrich"]
[Result "0-1"]
[WhiteElo "2111"]
[BlackElo "2045"]
[PlyCount "84"]
[EventDate "2009.03.??"]
[EventType "team-tourn"]
[EventRounds "9"]
[WhiteTeam "Weilheim 1"]
[BlackTeam "Dillingen 1"]

1. e4 e6 2. d4 d5 3. Nd2 dxe4 4. Nxe4 Nd7 5. Nf3 Be7 6. Bd3 Ngf6 7. Qe2 c5 8.
Nxc5 Nxc5 9. dxc5 Qa5+ 10. Bd2 Qxc5 11. O-O O-O 12. Ne5 Rd8 13. Rad1 Bd7 14.
Bc3 Be8 15. Kh1 b5 16. f4 b4 17. Be1 Bb5 18. Bxb4 Qxb4 19. Bxb5 Rxd1 20. Rxd1
Qxf4 21. Bc4 Rd8 22. Rf1 Qd2 23. Qf3 Qd4 24. Nc6 Qxc4 25. Nxd8 Bxd8 26. Rd1 Be7
27. Qa8+ Bf8 28. Qxa7 Qxc2 29. Rd8 Qc1+ 30. Qg1 Qxb2 31. h3 Ne4 32. Qa7 Qa1+
33. Kh2 Qe5+ 34. Kh1 Qa1+ 35. Kh2 Qe5+ 36. Kh1 Ng3+ 37. Kh2 Ne2+ 38. Kh1 g6 39.
Qf2 Kg7 40. Rd7 Ng3+ 41. Kg1 Bc5 42. Rxf7+ Kh6 0-1

[Event "Bayern-chTT (LL Sued)"]
[Site "Bayern 2008/09"]
[Date "2008.12.14"]
[Round "4.5"]
[White "Lederle, Vitus"]
[Black "Lisko, Frantisek"]
[Result "0-1"]
[WhiteElo "2066"]
[BlackElo "2198"]
[PlyCount "112"]
[EventDate "2009.03.??"]
[EventType "team-tourn"]
[EventRounds "9"]
[WhiteTeam "Dillingen 1"]
[BlackTeam "Weilheim 1"]

1. e4 c5 2. Nf3 e6 3. d4 cxd4 4. Nxd4 a6 5. Bd3 Qc7 6. c4 Nc6 7. Nxc6 dxc6 8.
Nc3 Nf6 9. f4 e5 10. f5 h5 11. Bg5 Bd7 12. Qf3 Bc5 13. Be3 Bd4 14. h3 O-O-O 15.
Bd2 Kb8 16. O-O-O h4 17. Ne2 Bc5 18. Bc3 Nh5 19. Be1 Be7 20. Kb1 g5 21. Bf2 b6
22. c5 b5 23. b4 f6 24. Bc2 Be8 25. Rxd8+ Bxd8 26. Bb3 a5 27. a3 a4 28. Be6 Ng7
29. Ba2 Bf7 30. Bxf7 Qxf7 31. Rd1 Bc7 32. Kb2 Nh5 33. Qc3 Re8 34. Nc1 Nf4 35.
Qf3 Qc4 36. Rd2 Qf1 37. Be3 Qxf3 38. gxf3 Nxh3 39. Rd7 Rh8 40. Rf7 Bd8 41. Rd7
Nf4 42. Rd2 Bc7 43. Rh2 Rd8 44. Kc2 Kc8 45. Rh1 Rd7 46. Rh2 Kd8 47. Rd2 Rxd2+
48. Kxd2 Ke7 49. Bg1 Kf7 50. Nd3 Nxd3 51. Kxd3 Kg7 52. Ke2 Kh6 53. Be3 Kh5 54.
Kf2 g4 55. fxg4+ Kxg4 56. Bh6 h3 0-1

[Event "Bayern-chTT (LL Sued)"]
[Site "Bayern 2008/09"]
[Date "2008.12.14"]
[Round "4.6"]
[White "Erler, Herbert(46)"]
[Black "Nuber, Blasius"]
[Result "1/2-1/2"]
[WhiteElo "2020"]
[BlackElo "2073"]
[PlyCount "120"]
[EventDate "2009.03.??"]
[EventType "team-tourn"]
[EventRounds "9"]
[WhiteTeam "Weilheim 1"]
[BlackTeam "Dillingen 1"]

1. Nf3 Nf6 2. g3 b5 3. Bg2 Bb7 4. O-O e6 5. d3 Be7 6. e4 c5 7. Nbd2 d6 8. Re1
Nc6 9. Nf1 O-O 10. h3 Rc8 11. g4 Qc7 12. c3 b4 13. Ng3 bxc3 14. bxc3 Qa5 15.
Qc2 Nd7 16. Bd2 Nde5 17. Nxe5 dxe5 18. Bf1 Ba6 19. Be2 c4 20. dxc4 Qc7 21. Nf1
Na5 22. Ne3 Nxc4 23. Bxc4 Bxc4 24. Nxc4 Qxc4 25. Qb3 Qd3 26. Re3 Qd7 27. Be1
Rfd8 28. Rb1 Bg5 29. Rf3 Bf4 30. Kg2 Qc6 31. Qc2 Qc4 32. Rb2 Rd7 33. Qe2 Qxe2
34. Rxe2 Rd1 35. h4 Rb8 36. c4 h5 37. Rb3 Rc8 38. Rc3 hxg4 39. c5 Kf8 40. Ra3
Rc7 41. Ba5 Rc6 42. Rb2 Ke7 43. Rb7+ Rd7 44. Rab3 Rxb7 45. Rxb7+ Kf6 46. Bb4 a5
47. Rb6 Rc7 48. Ba3 Bd2 49. Kg3 Bb4 50. Bxb4 axb4 51. c6 Ke7 52. Kxg4 Kd6 53.
Rxb4 Rxc6 54. Rb7 f5+ 55. exf5 Rc4+ 56. Kg5 exf5 57. Kxf5 Rxh4 58. Rb2 Rf4+ 59.
Kg5 Kd5 60. Rb5+ Kc4 1/2-1/2